000 00710nam a2200289Ia 4500
005 20260324125940.0
008 008 260324s9999 xx 000 0 eng d
020 _a9780203940037
037 _aEBOOK
040 _aCRL
040 _beng
040 _cCRL
041 _2eng
041 _aeng
084 _qCRL
100 _aJudith McVarish
_91179950
245 0 _aWhere's the Wonder in Elementary Math?
245 0 _bEncouraging Mathematical Reasoning in the Classroom
260 _bTaylor and Francis
260 _c2008
365 _a
365 _b290
856 _uhttp://www.taylorfrancis.com/books/9780203940037
942 _cEBOOK
999 _c1775636
_d1775636